000 00298nam a22001337a 4500
008 170204b xxu||||| |||| 00| 0 eng d
020 _a9780122990908
041 _aeng
080 _22ND
_a61
100 _a3
101 _aSHM
245 _aPRIMER ON KIDNEY DISEASES
_cBRUMFIELD, J
942 _2udc
_cBK
999 _c4577
_d4577